| 000 | 01125nam a2200253Ia 4500 | ||
|---|---|---|---|
| 003 | Ost | ||
| 005 | 20260507075351.0 | ||
| 008 | 260507s9999||||xx |||||||||||||| ||und|| | ||
| 020 | _a2093189957 | ||
| 040 | _cfsecg | ||
| 041 | _aara | ||
| 082 | _a330 | ||
| 100 |
_aفليفل، كامل _eمؤلف |
||
| 245 | 0 |
_aالإحصاء / _c كامل فليفل |
|
| 250 | _aطبعة 2 | ||
| 260 |
_aعمان: _bدار المناهج للنشر والتوزيع, _c2012 |
||
| 300 |
_a277 صفحة؛ _bإيضاحات ؛ _c24 سم |
||
| 520 | _aجمع البيانات وتبويبها- مقاييس النزعة المركزية- مقاييس التشتت- الإرتباط والانحدار- نظرية الإحتمالات- التوزيعات الإحتمالية- التقدير وإختبار الفرضيات- الأرقام القياسية- السلاسل الزمنية | ||
| 653 | _aالإحصاء - المعاملات الإرتباطية | ||
| 653 | _aالإحصاء الإستدلالي | ||
| 653 | _aالإحصاء الوصفي | ||
| 700 |
_a حمدان، فتحي _eمؤلف ثانوي |
||
| 942 | _cكتاب | ||
| 999 |
_c44135 _d44135 |
||